| 000 | 01044nam a2200337 a 4500 | ||
|---|---|---|---|
| 001 | 000107950 | ||
| 003 | CHAP | ||
| 005 | 20220329143950.0 | ||
| 008 | 131122s2007 mx |r| |||||||spa d | ||
| 010 | _a104412 | ||
| 011 | _a105384 | ||
| 020 | _a9789681685065 | ||
| 040 | _cCHAP | ||
| 082 | 0 | 4 |
_a330.1 _bH37 |
| 100 | 1 |
_aHausman, Daniel M. _9124734 |
|
| 245 | 1 | 0 |
_aEl análisis económico y la filosofía moral / _cpor Daniel M. Hausman y Michael S. McPherson. |
| 260 |
_aMéxico : _bFCE _bCIDE, _c2007. |
||
| 300 | _a398 p. | ||
| 490 | 1 | _aSección obras de economía | |
| 534 |
_pTít. original : _tEconomic analysis and moral philosophy _cMadrid : Cambridge University, 1996 |
||
| 590 |
_aE5995AHE _b05 _c20131122 _lUCH01 _h1231 |
||
| 590 |
_aE5995AHE _b05 _c20131125 _lUCH01 _h0846 |
||
| 650 | 1 | 4 |
_aEconomía. _935226 |
| 650 | 1 | 4 |
_aFilosofía. _940890 |
| 650 | 1 | 4 |
_aSocialismo. _9108040 |
| 700 | 1 |
_aMcPherson, Michael S. _9124735 |
|
| 830 | 0 |
_aSección obras de economía _9103515 |
|
| 901 | _aBK | ||
| 942 | _cLIBRO | ||
| 942 | _n0 | ||
| 999 |
_c104412 _d104412 |
||